Podpora propagačnej kampane výrazovými prostriedkami komunikačného dizajnu - Corporate Identity STU : doktorandská dizertačná práca

Salvato in:
Dettagli Bibliografici
Autore principale: Solárová, Barbora, 1978- (Autore)
Natura: Libro
Pubblicazione: Bratislava : STU FA, 2009
Soggetti:
Tags: Aggiungi Tag
Nessun Tag, puoi essere il primo ad aggiungerne!!

MARC

LEADER 00000nam a22000003a 4500
001 stu191767
005 20150617230027.9
008 091007s2009----------------------------d
040 |a STU  |b slo 
041 0
100 1 |a Solárová, Barbora,  |d 1978-  |4 aut  |u A9190  |9 100  |U FAD Fakulta architektúry  |T FA Ústav dizajnu  |X 4864  |U A9190  |Y 400  |7 A000004864 
245 1 |a Podpora propagačnej kampane výrazovými prostriedkami komunikačného dizajnu - Corporate Identity STU :  |b doktorandská dizertačná práca 
260 |a Bratislava :  |b STU FA,  |c 2009 
300 |a 139 s 
650 7 |a dizajn  |2 stusub 
650 7 |a corporate identity  |2 estusub 
996 |b 284AB00966  |c A*6778 V  |l AAKNST  |s P  |a 0  |w stu191767_0001